Central Library OPAC University of Rajshahi

Some suggestions on teaching about human rights / (Record no. 47533)

MARC details
000 -LEADER
fixed length control field 00625nam a22002291a 4500
001 - CONTROL NUMBER
control field 47533
003 - CONTROL NUMBER IDENTIFIER
rucl marc code BD-RjUL
005 - DATE AND TIME OF LATEST TRANSACTION
control field 20211209054333.0
008 - FIXED-LENGTH DATA ELEMENTS--GENERAL INFORMATION
fixed length control field 160809r19781968fr 000 0 eng
035 ## - SYSTEM CONTROL NUMBER
System control number (BD-RjUL)47652
System control number 2666753
040 ## - CATALOGING SOURCE
Original cataloging agency LC
Language of cataloging eng
Transcribing agency LC
Modifying agency LC
-- BD-RjUL
041 ## - LANGUAGE CODE
Language code of text/sound track or separate title eng
082 00 - DEWEY DECIMAL CLASSIFICATION NUMBER
Classification number 323.407
Author mark and year UNS 1978
110 ## - MAIN ENTRY--CORPORATE NAME
Corporate name or jurisdiction name as entry element Unesco.
9 (RLIN) 144510
245 00 - TITLE STATEMENT
Title Some suggestions on teaching about human rights /
Statement of responsibility, etc. Unesco.
260 ## - PUBLICATION, DISTRIBUTION, ETC. (IMPRINT)
Place of publication, distribution, etc. Paris :
Name of publisher, distributor, etc. Unesco,
Date of publication, distribution, etc. 1968
-- [Impression 1978]
300 ## - PHYSICAL DESCRIPTION
Pagination 155 p.;
Size 21 cm.
650 #0 - SUBJECT ADDED ENTRY--TOPICAL TERM
Topical term or geographic name as entry element Human rights
General subdivision Study and teaching.
9 (RLIN) 144505
942 ## - ADDED ENTRY ELEMENTS (KOHA)
Source of classification or shelving scheme Dewey Decimal Classification
Koha item type Books
Holdings
Lost status Source of classification or shelving scheme Damaged status Not for loan Collection code Permanent Location Current Location Shelving location Date acquired Source of acquisition Total Checkouts Full call number Date last seen Copy number Koha item type
  Dewey Decimal Classification     Non-fiction Central Library, University of Rajshahi Central Library, University of Rajshahi   31/08/1982 Unesco   323.407 UNS 1978 09/08/2016 C-2 Books